Собрание сочинений. Т. 2: Мифы (Запись № 12776067)
[ простой вид ]
| 000 -МАРКЕР | |
|---|---|
| контрольное поле | 01870nam2a2200277 4500 |
| 001 - ИДЕНТИФИКАТОР ЗАПИСИ | |
| контрольное поле | RU\NLR\BIBL_A\022110574 |
| 005 - ИДЕНТИФИКАТОР ВЕРСИИ | |
| контрольное поле | 20240126172704.0 |
| 010 ## - МЕЖДУНАРОДНЫЙ СТАНДАРТНЫЙ НОМЕР КНИГИ (ISBN) | |
| Номер (ISBN) | 978-5-4448-2179-4 |
| Уточнения | т. 2 |
| Тираж | 1000 |
| 021 ## - НОМЕР ГОСУДАРСТВЕННОЙ РЕГИСТРАЦИИ | |
| Код страны | Российская Федерация |
| Номер | КН-П-23-077262 |
| Номер Листа государственной регистраци | КН-П-23-7812 |
| 035 ## - ДРУГИЕ СИСТЕМНЫЕ НОМЕРА | |
| Идентификатор записи | (NLR Aleph) 022110574 |
| 035 ## - ДРУГИЕ СИСТЕМНЫЕ НОМЕРА | |
| Идентификатор записи | (RuMoRGB)012414530 |
| 100 ## - ДАННЫЕ ОБЩЕЙ ОБРАБОТКИ | |
| Данные общей обработки | 20240118d2023 u y0rusy50 ca |
| 101 2# - ЯЗЫК РЕСУРСА | |
| Язык текста, звукозаписи и т.д. | русский |
| Язык оригинала | идиш |
| 102 ## - СТРАНА ПУБЛИКАЦИИ ИЛИ ПРОИЗВОДСТВА | |
| Страна публикации | Российская Федерация |
| 105 ## - ПОЛЕ КОДИРОВАННЫХ ДАННЫХ: ТЕКСТОВЫЕ МАТЕРИАЛЫ, МОНОГРАФИЧЕСКИЕ | |
| Кодированные данные о монографическом текстовом документе | y z 000zy |
| 200 1# - ЗАГЛАВИЕ И СВЕДЕНИЯ ОБ ОТВЕТСТВЕННОСТИ | |
| Основное заглавие | Мифы |
| Первые сведения об ответственности | [редактор-составитель: Ю. Орлицкий] |
| 210 ## - ПУБЛИКАЦИЯ, РАСПРОСТРАНЕНИЕ И ДР. | |
| Дата издания, распространения и т.д. | 2023 |
| 215 ## - ФИЗИЧЕСКАЯ ХАРАКТЕРИСТИКА | |
| Специфическое обозначение материала и объем | 757, [1] с. |
| 320 ## - ПРИМЕЧАНИЯ О НАЛИЧИИ В ДОКУМЕНТЕ БИБЛИОГРАФИИ / УКАЗАТЕЛЯ | |
| Текст примечания | Библиогр. в подстроч. примеч. |
| 327 1# - ПРИМЕЧАНИЯ О СОДЕРЖАНИИ | |
| Текст примечания | Содерж.: Псалмы (1965-1966); Московские мифы (1970-1974); Поэмы; Гротески-95 - Святая рыба; Из стихов разных лет; "Набриски наброски по-русски записки..."; Сингапур: (мини-роман); Бабье лето и несколько мужчин; Рассказы; Заметки; Переводы из Овсея (Шике) Дриза (1908-1971); Сапгир о Дризе |
| 461 #0 - УРОВЕНЬ НАБОРА | |
| Встроенное поле | 001RU\NLR\BIBL_A\022110411 |
| -- | 2001#$aСобрание сочинений$fГенрих Сапгир$g[редакторы-составители: Д. Давыдов, Ю. Орлицкий]$gруководитель редакционной коллегии: Ю. Б. Орлицкий$vТ. 2 |
| -- | 700#1$aСапгир$bГ. В.$f1928-1999$gГенрих Вениаминович$3RU\NLR\AUTH\771381 |
| Системный номер (АБИС) связанной записи | 12775570 |
| Автор | Сапгир, Г.В. (1928-1999) |
| Место публикации | Москва |
| Дата публикации | 2023 |
| Первые сведения об ответственности | Генрих Сапгир |
| Имя издателя, распространителя и т.д. | Новое литературное обозрение |
| Заглавие | Собрание сочинений |
| ISBN | 9785444821770 |
| Номер тома | Т. 2 |
| 942 ## - ДОПОЛНИТЕЛЬНЫЕ ЭЛЕМЕНТЫ ЗАПИСИ (АБИС) | |
| Тип экземпляра АБИС | Книга |
| 980 ## - КОЛЛЕКЦИЯ | |
| Название коллекции | Национальная библиография |
| Тип экземпляра | Дата поступления | Источник поступления | Библиотека постоянного хранения | Библиотека текущего хранения | Место хранения | Шифр хранения | Штрих-код | Статус экземпляра |
|---|---|---|---|---|---|---|---|---|
| Книга | 18.01.2024 | Обязательный экземпляр | РНБ (Московский) | РНБ (Московский) | Русский книжный фонд: издания с 1957 года | 2024-5/252 | 1-4212979 | |
| Книга | 18.01.2024 | Обязательный экземпляр | РНБ (Московский) | РНБ (Московский) | Русский книжный фонд: издания с 1957 года | 2024-5/252 | 1-4460039 |